| 000 | 00424nam a2200181Ia 4500 | ||
|---|---|---|---|
| 008 | 210210b1955 xxu||||| |||| 00| 0 eng d | ||
| 041 | _aeng | ||
| 082 | _a829/838 | ||
| 100 | _aPATTON (Frances Gray) | ||
| 245 | _aGood morning miss Dove | ||
| 260 |
_aLondon _bVictor Gollancz Ltd., _c1955 |
||
| 650 | _amorning | ||
| 650 | _amiss | ||
| 650 | _aGood | ||
| 650 | _aDove | ||
| 690 | _aEnglish Fiction | ||
| 906 | _a017436 | ||
| 999 |
_c137403 _d137403 |
||